000 00257nam a2200097Ia 4500
008 220204s9999 xx 000 0 und d
082 _a389(540)
_bHAN
245 0 _aHandbook of ISI publications. 1962, 1968, 1972
260 _aNew Delhi
_bISI
_c1962
942 _cBK
999 _c21767
_d21767